Исследование гидродинамических муфт с вертикальной осью вращения: Диссертация на соискание ученой степени кандидата технических наук

Detalhes bibliográficos
Autor principal: Капустин Ю. И.
Autor Corporativo: Томский политехнический институт (ТПИ)
Outros Autores: Шубович С. И. (научный руководитель)
Idioma:russo
Publicado em: Томск, 1967
Assuntos:
Formato: Livro
KOHA link:https://koha.lib.tpu.ru/cgi-bin/koha/opac-detail.pl?biblionumber=138065

MARC

LEADER 00000nbm0a2200000 4500
001 138065
005 20231031141300.0
035 |a (RuTPU)RU\TPU\book\149612 
090 |a 138065 
100 |a 20080520d1967 k y0rusy50 ca 
101 0 |a rus 
102 |a RU 
105 |a a m 001zy 
200 1 |a Исследование гидродинамических муфт с вертикальной осью вращения  |e Диссертация на соискание ученой степени кандидата технических наук  |f Ю. И. Капустин  |g Томский политехнический институт (ТПИ) ; науч. рук. С. И. Шубович 
210 |a Томск  |d 1967 
215 |a 170 л.  |c ил. 
320 |a Библиогр.: с. 147 - 153 ( 76 назв.) 
610 1 |a гидродинамические муфты 
610 1 |a вращение 
610 1 |a вертикальные оси 
610 1 |a циркуляция 
610 1 |a рабочие колеса 
610 1 |a скорость 
610 1 |a жидкость 
610 1 |a муфты сцепления 
610 1 |a исследование 
610 1 |a экспериментальное изучение 
610 1 |a диссертации 
610 1 |a методика 
675 |a 621.28(04)  |v 3 
700 1 |a Капустин  |b Ю. И. 
702 1 |a Шубович  |b С. И.  |4 727 
712 0 2 |a Томский политехнический институт (ТПИ)  |c (1944-1991)  |2 stltpush  |3 (RuTPU)RU\TPU\col\1123 
801 1 |a RU  |b 63413507  |c 20080520  |g PSBO 
801 2 |a RU  |b 63413507  |c 20150902  |g RCR 
942 |c BK